| 000 | 00810na a2200277 4500 | ||
|---|---|---|---|
| 001 | 24127 | ||
| 003 | MIRAKIL | ||
| 005 | 20181213155330.0 | ||
| 008 | 180601b tu 000 0 | ||
| 020 | _a9789756448137 | ||
| 040 |
_aMilas _btur _cTR-AnCHP |
||
| 041 | _atur | ||
| 082 |
_a338.6046 _bD54s 2003 |
||
| 090 | _a338.6046 D54s 2003 | ||
| 100 | _aDikbaş, Yılmaz | ||
| 245 |
_aSatılık vatan _cYılmaz Dikbaş |
||
| 260 |
_aİstanbul _bToplumsal Dönüşüm Yayınları _c2003 _fEmre Matbaacılık |
||
| 300 |
_a552 s. _c19 sm. |
||
| 440 |
_aToplumsal Dönüşüm Yayınları _v216 |
||
| 490 |
_aAraştırma-İnceleme _v66 |
||
| 504 | _aKaynakça var. | ||
| 650 | _aKamu maliyesi | ||
| 650 | _aKamu İktisadi Teşebbüsleri (KİT) | ||
| 650 |
_aÖzelleştirme _zTürkiye |
||
| 942 |
_2ddc _cBKS |
||
| 999 |
_c10688 _d10688 |
||